Normal view
MARC view
- Abdul Khaliq Naveed.
Entry Personal Name
001 - CONTROL NUMBER
- control field: 24900
003 - CONTROL NUMBER IDENTIFIER
- control field: NUST
005 - DATE AND TIME OF LATEST TRANSACTION
- control field: 20191029111827.0
008 - FIXED-LENGTH DATA ELEMENTS
- fixed length control field: 191029|| aca||aabn | a|a d
040 ## - CATALOGING SOURCE
- Original cataloging agency: NUST
- Transcribing agency: NUST
100 ## - HEADING--PERSONAL NAME
- Personal name: Abdul Khaliq Naveed.
670 ## - SOURCE DATA FOUND
- Source citation: Work cat.: (NUST): Waheed, Palvash. 24898, Levels of Inflammatory Markers and Their Association with Dyslipidemia in Diabetics /, 2008.
